Comparative models of policing: (Record no. 17209)
[ view plain ]
| 000 -LEADER | |
|---|---|
| fixed length control field | 00658nam a2200181 4500 |
| 008 - FIXED-LENGTH DATA ELEMENTS--GENERAL INFORMATION | |
| fixed length control field | 220824b ||||| |||| 00| 0 eng d |
| 020 ## - INTERNATIONAL STANDARD BOOK NUMBER | |
| International Standard Book Number | 9786214181735 |
| 082 ## - DEWEY DECIMAL CLASSIFICATION NUMBER | |
| Edition number | 2021 |
| Classification number | DFil 363.2 |
| Item number | G165 |
| 100 ## - MAIN ENTRY--PERSONAL NAME | |
| Personal name | Garcia, Mario A. |
| 9 (RLIN) | 45736 |
| 245 ## - TITLE STATEMENT | |
| Title | Comparative models of policing: |
| Remainder of title | a textbook for the 21st century for criminology and criminal justice/ |
| Statement of responsibility, etc. | Mario A. Garcia. |
| 250 ## - EDITION STATEMENT | |
| Edition statement | Third edition. |
| 260 ## - PUBLICATION, DISTRIBUTION, ETC. (IMPRINT) | |
| Place of publication, distribution, etc. | Quezon City, Philippines: |
| Name of publisher, distributor, etc. | Wiseman's Books Trading, Inc., |
| Date of publication, distribution, etc. | ©2021. |
| 300 ## - PHYSICAL DESCRIPTION | |
| Extent | iv, 189 pages: |
| Other physical details | illustrations; |
| Dimensions | 22 cm. |
| 500 ## - GENERAL NOTE | |
| General note | Includes bibliography. |
| 650 ## - SUBJECT ADDED ENTRY--TOPICAL TERM | |
| Topical term or geographic name as entry element | Criminology. |
| 9 (RLIN) | 45737 |
| 650 ## - SUBJECT ADDED ENTRY--TOPICAL TERM | |
| Topical term or geographic name as entry element | Police. |
| 9 (RLIN) | 45738 |
| 942 ## - ADDED ENTRY ELEMENTS (KOHA) | |
| Source of classification or shelving scheme | Dewey Decimal Classification |
| Koha item type | Filipiniana |
| Withdrawn status | Lost status | Source of classification or shelving scheme | Damaged status | Not for loan | Collection code | Home library | Current library | Shelving location | Date acquired | Source of acquisition | Cost, normal purchase price | Total Checkouts | Full call number | Barcode | Date last seen | Date last checked out | Copy number | Price effective from | Koha item type |
|---|---|---|---|---|---|---|---|---|---|---|---|---|---|---|---|---|---|---|---|
| Dewey Decimal Classification | Filipiniana | UM Digos College - LIC | UM Digos College - LIC | Book Cart | 08/16/2022 | Purchased | 398.00 | 1 | DFil 363.2 G165 2021 | 26705 | 03/12/2026 | 03/10/2026 | 1 | 08/24/2022 | Filipiniana | ||||
| Dewey Decimal Classification | Filipiniana | UM Digos College - LIC | UM Digos College - LIC | 08/16/2022 | Purchased | 398.00 | DFil 363.2 G165 2021 | 26955 | 05/15/2025 | 2 | 09/17/2022 | Filipiniana | |||||||
| Dewey Decimal Classification | Filipiniana | UM Digos College - LIC | UM Digos College - LIC | 08/16/2022 | Purchased | 398.00 | DFil 363.2 G165 2021 | 26956 | 05/15/2025 | 3 | 09/17/2022 | Filipiniana |
